000 004450000a22001810004500
003 MACL
005 20151229122819.0
008 151229b xxu||||| |||| 00| 0 eng d
040 _aMACL
_cMACL
041 _aEnglish
082 _a200/NAR
100 _aNarayan, R K.
_98534
245 _aGods Demons & Others
260 _bVision Books Publications
_c1987
_aNew Delhi
350 _a35
650 _aReligion
_923666
942 _cBK
_k200/Nar
_2ddc
999 _c33996
_d33996